|
|
|
|
| LEADER |
00761cam a2200217 7i4500 |
| 001 |
0000038986 |
| 005 |
20151104090000.0 |
| 005 |
##20151104150100.0 |
| 003 |
##MY-KlINT |
| 020 |
# |
# |
|a 9780470651711;RM87.80
|
| 039 |
# |
9 |
|y 201511041501
|z VLOAD
|
| 090 |
0 |
0 |
|a 658.4092
|b JMK
|
| 100 |
1 |
# |
|a James M. Kouzes,
|d 1945-
|
| 245 |
0 |
0 |
|a Credibility :
|b how leaders gain and lose it, why people demand it /
|c James M. Kouzes, Barry Z. Posner..
|
| 260 |
# |
# |
|a San Francisco, Calif:
|b Jossey-Bass:
|b Chichester:
|b John Wiley [distributor],
|c c2011.
|
| 300 |
# |
# |
|a xxi, 250 p;
|c 24cm.
|
| 504 |
# |
# |
|a Bibliography note: Includes bibliographical references and index.
|
| 650 |
# |
0 |
|a Executive ability
|
| 650 |
# |
0 |
|a Interpersonal relations
|
| 650 |
# |
0 |
|a Leadership
|
| 700 |
0 |
# |
|a Posner ,Barry Z.
|